| 000 | 00578nam a2200205Ii 4500 | ||
|---|---|---|---|
| 003 | JO-AjNU | ||
| 008 | 230606s9999||||xx |||||||||||||| ||und|| | ||
| 040 |
_aJO-AjNU _beng _erda _cJO-AjNU |
||
| 041 | _aeng | ||
| 050 | 1 | 4 | _aHC407.B9.D9513.1974 |
| 100 | 3 |
_aCMEA, _eauthor _92900 |
|
| 245 | 0 | 4 | _aThe Council for Mutual Economic Assistance25 years |
| 250 | _a1 ed | ||
| 264 | 3 | 1 | _aMOSCOW,1974 |
| 300 | _a111p | ||
| 336 |
_atext _btxt _2rdacontent |
||
| 337 |
_aunmediated _bn _2rdamedia |
||
| 338 |
_avolume _bnc _2rdacarrier |
||
| 650 | 4 |
_aThe Council for Mutual Economic _92901 |
|
| 999 |
_aE1519 _c1519 _d1519 |
||